Statistiques concernant Trouver la marque automobile (par rapport au modèle)

Cliquez ici pour prendre le quiz!

Statistiques générales

  • Ce quiz a été pris 1 496 fois
  • Le résultat moyen est 23 sur 28

Statistiques - réponses

ModèleMarque% Correct
208Peugeot
99%
C3Citroën
97%
A3Audi
96%
ClioRenault
96%
FiestaFord
94%
Classe AMercedes-Benz
93%
CorsaOpel
93%
YarisToyota
93%
GolfVolkswagen
93%
911Porsche
92%
DusterDacia
91%
QashqaiNissan
89%
IbizaSeat
89%
CivicHonda
88%
AventadorLamborghini
88%
500Fiat
87%
Série 1BMW
84%
CorvetteChevrolet
80%
SwiftSuzuki
80%
CountrymanMini
76%
CherokeeJeep
69%
V40Volvo
69%
EvoqueLand Rover
68%
MiToAlfa Romeo
66%
ix20Hyundai
65%
California TFerrari
61%
Cee'dKia
60%
SuperbŠkoda
50%

Distribution des résultats

Percentile par nombre de réponses

% des personnes avec chaque résultat

Votre développement - résultats

Vous n’avez pas pris ce quiz